| 000 | 01432cam a2200313 4500 | ||
|---|---|---|---|
| 008 | 090401t1995 xxu||||| |||| 00| 0 eng d | ||
| 020 | _a0582089689 | ||
| 035 | _a(Sirsi) u7867 | ||
| 041 | 0 | _aeng | |
| 050 | 0 | 4 | _a692.8 $2 18 |
| 100 | 1 | _aTurner, Dennis F. | |
| 245 | 0 | 0 | _aDesign and build contract practice |
| 250 | _a2nd edition | ||
| 260 |
_aHarlow _bLongman _c1995 |
||
| 300 |
_axi, 328p. _c24cm. |
||
| 350 | _a40 | ||
| 520 | _aConsiders the principles behind design and build and the pratical application of this procurement route. Discusses the common forms of contract, variants and alternatives to design and build, and liability. | ||
| 650 | 2 | 4 | _aJCT STANDARD FORM OF CONTRACT WITH CONTRACTOR'S DESIGN (1981 EDITION) |
| 650 | 2 | 4 | _aJCT STANDARD FORM OF CONTRACT WITH QUANTITIES CONTRACTOR'S DESIGN PORTION SUPPLEMENT (1981 EDITION) |
| 650 | 2 | 4 | _aDOMESTIC SUBCONTRACT ARTICLES OF AGREEMENT (1981 EDITION) |
| 650 | 2 | 4 | _aGENERAL CONDITIONS OF CONTRACT FOR BUILDING AND CIVIL ENGINEERING SINGLE STAGE DESIGN AND BUILD VERSION (THIRD EDITION) |
| 650 | 2 | 4 | _aMANUAL OF THE BPF SYSTEM FOR BUILDING DESIGN AND CONSTRUCTION (1983 EDITION) |
| 650 | 2 | 4 | _aACA FORM OF BUILDING CONTRACT BRITISH PROPERTY FEDERATION EDITION (1984 EDITION) |
| 650 | 2 | 4 | _aICE DESIGN AND CONSTRUCT CONDITIONS OF CONTRACT (1992 EDITION) |
| 651 | 4 |
_aUnited Kingdom _y |
|
| 690 |
_aProcurement _96260 |
||
| 942 | _n0 | ||
| 948 | _c04/03/1997 | ||
| 999 |
_c86450 _d86450 |
||